00209nam a2200085Ia 450000500170000000800410001724500380005826000100009699900170010620250523150954.0250523s9999 xx 000 0 und d 0aRuby Rogers OyunbozancSue Limb bALTIN c11901d11901